Monitoring human rights in Europe: comparing international procedures and mechanisms (Record no. 51629)

MARC details
000 -LEADER
fixed length control field 00745nam a2200193 a 4500
008 - FIXED-LENGTH DATA ELEMENTS--GENERAL INFORMATION
fixed length control field 071001s1993 ||||||||||||||||| || u
020 ## - INTERNATIONAL STANDARD BOOK NUMBER
International Standard Book Number 0792323831
050 ## - LIBRARY OF CONGRESS CALL NUMBER
Classification number KJ 607 Mon
100 ## - MAIN ENTRY--PERSONAL NAME
Personal name Leicht, Liselotte
245 10 - TITLE STATEMENT
Title Monitoring human rights in Europe: comparing international procedures and mechanisms
Statement of responsibility, etc. edited by Arie Bloed; [and others]
260 ## - PUBLICATION, DISTRIBUTION, ETC.
Place of publication, distribution, etc. Dordrecht:
Name of publisher, distributor, etc. Martinus Nijhoff
Date of publication, distribution, etc. 1993
300 ## - PHYSICAL DESCRIPTION
Extent xvi, 338p.
350 ## - PRICE (NR) (BK AM CF MU VM SE) [OBSOLETE]
Price 0.00
650 ## - SUBJECT ADDED ENTRY--TOPICAL TERM
Topical term or geographic name entry element HUMAN RIGHTS--EUROPE
650 ## - SUBJECT ADDED ENTRY--TOPICAL TERM
Topical term or geographic name entry element RIGHTS
650 ## - SUBJECT ADDED ENTRY--TOPICAL TERM
Topical term or geographic name entry element HUMAN RIGHTS--EUROPE--MONITORING OF
700 ## - ADDED ENTRY--PERSONAL NAME
Personal name Bloed, Arie
995 ## - RECOMMENDATION 995 [LOCAL, UNIMARC FRANCE]
-- 0.00
-- CBU-MAIN LIBRARY (Kitwe)
-- 1
-- 0.00
-- 1
-- AVAILABLE
-- Oct 1, 2007
-- Main Library Open Access Collection
Holdings
Withdrawn status Lost status Source of classification or shelving scheme Damaged status Not for loan Home library Current library Shelving location Date acquired Total Checkouts Full call number Barcode Date last seen Price effective from Koha item type
          CBU-MAIN LIBRARY, KITWE. CBU-MAIN LIBRARY, KITWE.   11/30/2022   KJ 607 Mon 39925 11/30/2022 11/30/2022 MONOGRAPH